000 01146naa a22003377a 4500
001 BR7301332
003 BR-BrBNA
005 20240918173444.0
007 ta
008 230509b bl.||||| |||| 00| 0 por d
040 _aBR-BrBNA
_bpor
_cBiblioteca Nacional de Agricultura
041 _a(Pt)
072 _aF25
_b0150
_bG514
090 _aF25 BR7301332
100 1 _aGomes, H.A.
100 1 _aStefanello, V.
100 1 _aOliveira, M.A.
111 1 _a3. Reuniao Geral da Cultura do Arroz
_cCachoeirinha, RS (Brazil)
_d23 Jul 1973
245 1 _aAdubacao nitrogenada com ureia no arroz irrigado por inundacao [Brasil]
260 3 _aPelotas, RS (Brasil):
_c1973.
500 _aAnais da 3. Reuniao Geral da Cultura do Arroz Pelotas, RS (Brasil): 1973. p. 46-47 (BR7301332-AM)F25
650 _aFertilidade do solo
650 _aArroz
650 _aAdubacao
650 _aNitrogenio
650 _aArroz irrigado
650 _aFertilizante nitrogenado
773 0 _tAnais da 3. Reuniao Geral da Cultura do Arroz
_wF25 BR7301332
_gPelotas, RS (Brasil), 1973. p. 46-47
909 _a202404
_bLucia
_c55
_dLucia Elande
942 _cAM
_2AGRIS
999 _c304702
_d304702